00652nam a2200193Ia 4500020001800000082002000018100001700038245005900055260004000114300001000154504003300164650003600197650006200233650002600295650006100321650002100382650003500403650002000438 a0-87287-381-1 aRR 025.04 BYE-O aByerly, Greg 0aOnline searching: a dictionary and bibliographic guide aColoradobLIbraries Unlimitedc1983 a288p. aIncludes bibliography, index aBibliographic searching, Online aElectronic information resource searching - Bibliography aInformation retrieval aElectronic information resource searching - Dictionaries aOnline searching aOnline bibliographic searching aLibrary science